| 000 | 01207cam a22002651i 4500 | ||
|---|---|---|---|
| 003 | SA_RiAUC | ||
| 005 | 20250705114403.0 | ||
| 008 | 250704s2011____su ho g 000 0cara c | ||
| 040 |
_aSA-JeALM _bara _cSA-RiAUC _erda |
||
| 043 | _aa-su--- | ||
| 082 | 0 | 4 | _a928.1 |
| 090 |
_a928.1 _bح ا ر |
||
| 100 | 1 |
_aالحارثي، هاني بن محمد بن عبد المطلب _eمؤلف. |
|
| 245 | 1 | 0 |
_aشعراء الحرث الأشراف .. المعاصرون منهم والأسلاف / _cتأليف هاني بن محمد بن عبد المطلب الحارثي. |
| 250 | _aالطبعة الأولى. | ||
| 264 | 1 |
_aمكة المكرمة : _bهاني بن محمد بن عبد المطلب الحارثي، _c2011 |
|
| 300 |
_a261 صفحة : _bصور، مثيليات ؛ _c24 سم |
||
| 336 |
_aنص _btxt _2rdacontent _3كتاب |
||
| 337 |
_aبدون وسيط _bn _2rdamedia |
||
| 338 |
_aمجلد _bnc _2rdacarrier |
||
| 500 | _aإهداء من المؤلف هاني بن محمد بن عبد المطلب الحارثي بتاريخ 1434/3/26 هـ | ||
| 650 | 7 |
_aالشعراء العرب _zالسعودية _vتراجم _2aucsh |
|
| 942 |
_2ddc _cBOOK _n0 |
||
| 949 |
_aSA-JeALM _d250704 _umohamedma123 _n1 |
||
| 999 |
_c9478 _d9478 |
||